Die Osterinsel: Eine Zusammenfassung der chilenischen Osterinselexpedition des Jahres 1911

Gespeichert in:
Bibliographische Detailangaben
1. Verfasser: Knoche, Walter (VerfasserIn)
Format: Buch
Sprache:Deutsch
Veröffentlicht: Concepción Sociedad Imprenta y Litografía Concepción 1925
Ausgabe:1a. ed
Schlagworte:
Tags: Tag hinzufügen
Keine Tags, Fügen Sie den ersten Tag hinzu!

MARC

LEADER 00000nam a2200000 a 4500
001 UCJ5940
003 CL-VaPUC
008 070124e19250000CL |||||||||||||||||ger|d
082 0 4 |a 910.4  |b KNO  |2 21 
100 |a Knoche, Walter  |e author  |9 511937 
245 1 0 |a Die Osterinsel: Eine Zusammenfassung der chilenischen Osterinselexpedition des Jahres 1911 
250 |a 1a. ed 
300 |a 319 p 
942 |c BK 
945 |d 20070124 00:00:00  |a rinostro 
260 |a Concepción  |b Sociedad Imprenta y Litografía Concepción  |c 1925 
500 |a Front., moais pascuenses; mapas y fotografías según índice 
650 0 |a Viajes  |9 257115 
650 0 |a Expediciones científicas  |9 265222 
650 0 |a Arqueología   |9 265619 
650 0 |a Descubrimientos geográficos  |9 331933 
650 7 |a FLORA  |2 CL-VaPUC  |9 264745 
650 7 |a FAUNA  |2 CL-VaPUC  |9 349523 
650 7 |a LEYENDAS  |2 CL-VaPUC  |9 265258 
650 7 |a TRADICIONES  |2 CL-VaPUC  |9 367367 
650 7 |a JEROGLIFICOS  |2 CL-VaPUC  |9 265779 
650 7 |a LENGUA RAPA NUI  |2 CL-VaPUC  |9 260561 
650 0 |a Aborígenes  |9 329972 
650 7 |a FOLKLORE  |2 CL-VaPUC  |9 268291 
650 0 |a Música  |9 306269 
650 0 |a Etnografía   |9 309735 
650 0 |a Ilustraciones  |9 369481 
651 7 |a PASCUA  |2 CL-VaPUC  |9 511316 
583 |a last modification  |c 20070124 00:00:00  |k Rodrigo Vera 
999 |c 322048  |d 322046 
952 |0 0  |1 0  |4 0  |6 910_400000000000000_KNO_1925  |7 0  |8 X  |9 400958  |a FDOBUD  |b FDOBUD  |d 2019-11-22  |i 1041762  |o 910.4 KNO 1925  |p 1041762  |r 2019-11-22  |w 2019-11-22  |y BK_X  |k BUD